Commentary on First Corinthians. (Record no. 5745)

000 -LEADER
fixed length control field 00651nam a2200193 a 4500
001 - CONTROL NUMBER
control field :::00003487$&:&@@
003 - CONTROL NUMBER IDENTIFIER
control field OkBaRHE
005 - DATE AND TIME OF LATEST TRANSACTION
control field 20100401124925.0
008 - FIXED-LENGTH DATA ELEMENTS--GENERAL INFORMATION
fixed length control field s1977 j 000 0 eng u
040 ## - CATALOGING SOURCE
Transcribing agency
100 1# - MAIN ENTRY--PERSONAL NAME
Personal name Godet, Frederic Louis, 1812-1900.
245 10 - TITLE STATEMENT
Title Commentary on First Corinthians.
260 ## - PUBLICATION, DISTRIBUTION, ETC. (IMPRINT)
Place of publication, distribution, etc Grand Rapids, MI., :
Name of publisher, distributor, etc Kregel Publications
Date of publication, distribution, etc 1977
300 ## - PHYSICAL DESCRIPTION
Extent viii, 920 p. ;
Dimensions 25 cm.
490 0# - SERIES STATEMENT
Series statement Kregel reprint library.
650 ## - SUBJECT ADDED ENTRY--TOPICAL TERM
Topical term or geographic name as entry element Bible New Testament 1 Corinthians
General subdivision Commentaries
942 ## - ADDED ENTRY ELEMENTS (KOHA)
Source of classification or shelving scheme
Koha item type Books
Copies
Permanent Location Koha item type Withdrawn status Date last seen Price effective from Lost status Damaged status Barcode Source of classification or shelving scheme Copy number Full call number Shelving location Not for loan Date acquired
RHEMA Bible Training CollegeBooks 2018-04-032010-04-14  3487 1BS 2675 .G6913 1977General Stacks 2010-04-14